000 00723nam a2200241 i 4500
001 48944
003 ES-MaACL
005 20250822062544.0
007 t|
008 030702s1977 sp a |||| | spa d
080 _a159.9
100 1 _aCorman, Louis.
_940594
245 1 3 _aLa interpretación dinámica en psicología /
_cLouis Corman ; [versión de Martín Roque].
260 _aBarcelona :
_bHerder,
_c1977.
300 _a129 p. :
_bil. ;
_c22 cm.
490 1 _aBiblioteca de psicología ;
_v44
500 _aÍndice.
650 0 7 _aPsicología
_2embne
_916540
700 1 _aRoque, Martín.
_999547
830 0 _aBiblioteca de psicología ;
_v44
_9180745
852 _aES-MaACL
_jA-8304
999 _c48944
_d48944